Sol /
Un día, Diego encuentra un elefante rojo en el colectivo. El elefante parece un juguete, pero es más que eso. La magia brilla a su alrededor, una magia triste y solitaria que Diego tiene que aprender a escuchar, a seguir, a cambiar. Esa magia llena el mundo a su alrededor, lo punta con colores nuevo...
Guardado en:
| Autor Principal: | |
|---|---|
| Otros Autores: | |
| Formato: | Libro |
| Idioma: | Undetermined |
| Publicado: |
Buenos Aires :
Del Naranjo,
2009.
|
| Edición: | 1a ed. 1a reimp. |
| Series: | Sub20
|
| Materias: | |
| Etiquetas: |
Agregar Etiqueta
Sin Etiquetas, Sea el primero en etiquetar este registro!
|
| LEADER | 01027nam a22002175a 4500 | ||
|---|---|---|---|
| 001 | CEM.cems020893 | ||
| 008 | 240311s2009####ag############000#0#und#d | ||
| 005 | 20240311181946.0 | ||
| 245 | 1 | 0 | |a Sol / |c Márgara Averbach ; ilustrado por Virginia Piñón. |
| 250 | |a 1a ed. 1a reimp. | ||
| 260 | |a Buenos Aires : |b Del Naranjo, |c 2009. | ||
| 300 | |a 64 p. | ||
| 490 | 1 | |a Sub20 | |
| 520 | |a Un día, Diego encuentra un elefante rojo en el colectivo. El elefante parece un juguete, pero es más que eso. La magia brilla a su alrededor, una magia triste y solitaria que Diego tiene que aprender a escuchar, a seguir, a cambiar. Esa magia llena el mundo a su alrededor, lo punta con colores nuevos, lo ilumina, como pasa siempre con el mundo cuando uno está creciendo. | ||
| 020 | |a 9789871343164 | ||
| 100 | 1 | |a Averbach, Márgara. | |
| 700 | 1 | |a Piñón, Virginia; il. | |
| 653 | |a Literatura infantil | ||
| 653 | |a Novela infantil | ||
| 653 | |a Literatura argentina | ||
| 859 | |a CEMS |b BIB. CEMS - Inicial y Primaria |h A863.4 |i Av95-2 |k IP |p 6196 |t Ej. 1 | ||
